000 02243nam a22002297a 4500
003 URS
005 20220117113607.0
008 100218b xxu||||| |||| 00| 0 eng d
040 _aURS
041 _aeng
050 0 0 _aTA 174
_b.Au939 2014
245 _aAutomated parking lot system
_cJohn Bryan V. Teoxon...[et.al].
264 _c2014
300 _a65 leaves :
_billustrations ;
_c28 cm.
502 _bThesis (Bachelor of Science in Computer Engineering) -- University of Rizal System-Morong.
520 _aEXECUTIVE SUMMARY: The study aimed to develop Automated Parking Lot System. The study was conducted at the University of Rizal System - Morong Campus during the first semester of 2014-2015. The researchers used respondents. The respondents of the study were the selected 15 experts in and out the University of Rizal System. The study used the descriptive method utilizing the researchers modified questionnaire checklist. The percentile rank was used to determine the level of acceptability of Automated Parking Lot System in the perception of vehicle drivers. Weighted mean was used to determine the acceptability of the system in terms of functionality, usefulness, accuracy and safety and maintenance of the system. It was found that the majority of respondents accepted the device. Based on the data acquired by the researchers, in terms of functionality, usefulness, accuracy and safety and maintenance, it is strongly accepted that was revealed by the respondents. Based on the summary and findings, Automated Parking Lot System will be useful for parking purposes. The study will give some to the vehicle drives because of having trouble when aimlessly circling a parking lot. Automated Parking Lot System eases the parking flow and saves time when parking. For further study, the researchers recommended to improve the light sensor for a reliable use, and to add more features in the system. These project studies will significantly benefit community, University, College of Engineering, future researchers and vehicle drivers.
650 _aComputer-aided design.
700 1 _aFabrid, Socrates P.
_eauthor
700 1 _aResuelo, Kirtz Gerald B.
_eauthor
700 1 _aValdez, Alexander C.
_eauthor
942 _2lcc
_cT
999 _c618
_d618